| Поле | Название | Значение |
| |
Тип записи |
a |
| |
Библиографический уровень |
m |
| 001 |
Контрольный номер |
RU\NLR\BIBL_A\011901316 |
| 005 |
Дата корректировки |
20201214143956.3 |
| 010 |
Индекс ISBN |
__ |
| a |
ISBN |
978-5-4461-1011-7 (в пер.) |
| d |
Цена |
478-80, 3000 экз. |
| 021 |
№ государственной регистрации |
__ |
| b |
№ документа |
2018-92200 |
| 100 |
Данные общей обработки |
__ |
| a |
Данные общей обработки |
19181226d2019 |||y0rusy0189 ca |
| 101 |
Язык документа |
0_ |
| a |
Язык текста |
rus |
| 102 |
Страна публикации |
__ |
| a |
Страна публикации |
RU |
| 102 |
Страна публикации |
__ |
| a |
Страна публикации |
RU |
| 105 |
Кодированные данные (монография) |
__ |
| a |
Кодированные данные (монография) |
#|||||||000zy |
| 200 |
Заглавие и сведения об ответственности |
1_ |
| a |
Заглавие |
Лидер наизнанку |
| f |
Первые сведения об ответственности |
Леонид Кроль |
| b |
Общее обозначение материала |
Текст |
| 210 |
Выходные данные |
__ |
| a |
Место издания |
Санкт-Петербург [и др.] |
| c |
Издательство |
Питер |
| d |
Дата издания |
2019 |
| 215 |
Физическое описание |
__ |
| a |
Объем |
333 с. |
| d |
Формат |
21 см |
| 225 |
Серия |
__ |
| a |
Серия |
Серия "Сам себе психолог" |
| 300 |
Общие примечания |
__ |
| a |
Общие примечания |
На титульном листе также: INCANTICO перекрестки волшебства. Мастерская коучинга и тренинга Леонида Кроля |
| 330 |
Аннотация |
__ |
| a |
Аннотация |
"Лидер наизнанку" - это книга о том, что лидерство у каждого свое. Непопулярные черты характера, неидеальные условия, чувства, о которых не напишут в глянцевом бизнес-журнале, тайные пружины-противоречия разных характеров - настоящие лидеры не похожи друг на друга, и среди них не может быть двух одинаковых. В этой книге вы найдете простые и подробные приемы - как лидеру опираться на СВОЮ индивидуальность и жить СВОЮ жизнь. |
| 517 |
Другие варианты заглавия |
__ |
| a |
Другие варианты заглавия |
Сам себе психолог |
| 606 |
Тематические рубрики |
__ |
| a |
Основная рубрика |
Психология |
| 606 |
Тематические рубрики |
__ |
| a |
Основная рубрика |
Социальная психология |
| 610 |
Ключевые слова |
__ |
| a |
Ключевые слова |
лидеры |
| 610 |
Ключевые слова |
__ |
| a |
Ключевые слова |
лидерство в управлении |
| 610 |
Ключевые слова |
__ |
| a |
Ключевые слова |
руководство |
| 610 |
Ключевые слова |
__ |
| a |
Ключевые слова |
руководители |
| 610 |
Ключевые слова |
__ |
| a |
Ключевые слова |
психология руководителя |
| 610 |
Ключевые слова |
__ |
| a |
Ключевые слова |
психология лидерства |
| 610 |
Ключевые слова |
__ |
| a |
Ключевые слова |
лидерство |
| 686 |
Индексы других классификаций |
__ |
| 2 |
Код системы |
rubbks |
| a |
Классификационный индекс |
88.566.1 |
| 700 |
Автор |
_1 |
| a |
Фамилия |
Кроль |
| b |
Имя |
Л. М. |
| g |
Полное личное имя |
Леонид Маркович |
| 4 |
Код отношения |
070 |
| 801 |
Источник записи |
_0 |
| a |
Страна |
RU |
| b |
Организация |
NLR |
| c |
Дата составления |
20181226 |
| g |
Правила каталогизации |
PSBO |
| 801 |
Источник записи |
_2 |
| a |
Страна |
RU |
| b |
Организация |
Муниципальное бюджетное учреждение культуры "Централизованная библиотечная система" г. Сургут (Центральная городская библиотека им. А. С. Пушкина) |
| c |
Дата составления |
20181226 |
| 852 |
Данные о местонахождении |
__ |
| j |
Шифр хранения |
88.566.1 |
| i |
Авторский знак |
К 83 |
| 901 |
Тип документа |
__ |
| a |
Ответственный |
КиК/Котельникова |
| t |
Тип документа |
m |
| 903 |
Характеристики (МАРС) |
__ |
| a |
Дата передачи |
20200219 |
| 990 |
Данные о заказе (DOS) |
__ |
| j |
Количество экземпляров (DOS) |
4 |
| t |
N записи в КСУ для И/У (DOS) |
202003 |